| 000 -LEADER | |
|---|---|
| fixed length control field | 00304nam a22001337a 4500 |
| 005 - DATE AND TIME OF LATEST TRANSACTION | |
| control field | 20230602104653.0 |
| 008 - FIXED-LENGTH DATA ELEMENTS--GENERAL INFORMATION | |
| fixed length control field | 230602b |||||||| |||| 00| 0 eng d |
| 020 ## - INTERNATIONAL STANDARD BOOK NUMBER | |
| ISBN | 9770972686007 |
| 041 ## - LANGUAGE CODE | |
| Language code of text/sound track or separate title | eng |
| 245 ## - TITLE STATEMENT | |
| Title | APPLIED ECONOMICS |
| 260 ## - PUBLICATION, DISTRIBUTION, ETC. (IMPRINT) | |
| Place of publication | IUP PUBLICATION |
| 650 ## - SUBJECT ADDED ENTRY--TOPICAL TERM | |
| Topical Term | MANAGEMENT |
| 942 ## - ADDED ENTRY ELEMENTS (KOHA) | |
| Koha item type | Journals/Serial |
| Lost status | Damaged status | Home library | Current library | Date acquired | Source of acquisition | Serial Enumeration / chronology | Accession Number | Koha item type |
|---|---|---|---|---|---|---|---|---|
| JRU Library | JRU Library | 02/06/2023 | PURCHASE | VOL-XVIII ISSUE 1 JAN-2019 | AE0001 | Journals/Serial | ||
| JRU Library | JRU Library | 02/06/2023 | PURCHASE | VOL-XVIII ISSUE NO.1 JAN-2019 | AE0002 | Journals/Serial | ||
| JRU Library | JRU Library | 02/06/2023 | PURCHASE | VOL-XIX ISSUE 1 JAN-2020 | AE0003 | Journals/Serial | ||
| JRU Library | JRU Library | 02/06/2023 | PURCHASE | VOL-XVIII ISSUE NO. 4 APR-2020 | AE0004 | Journals/Serial | ||
| JRU Library | JRU Library | 02/06/2023 | PURCHASE | VOL-20 ISSUE NO. 4 OCT-2021 | AE0005 | Journals/Serial |